000 00280nam a22001217a 4500
008 170814b xxu||||| |||| 00| 0 eng d
041 _aeng
080 _a51
100 _a36
101 _aMAT
245 _aORTHOGONAL FAMILIES OF ANALYTICS FUNCTIONS
_cEPSTEIN,B
942 _2udc
_cBK
999 _c23330
_d23330